|
|
|
|
| LEADER |
00826cam a2200217 7i4500 |
| 001 |
0000021680 |
| 005 |
20220722090000.0 |
| 008 |
081203 eng |
| 020 |
|
|
|a 1842652451 (hbk.)
|
| 090 |
0 |
0 |
|a QD415.5
|b .I58 2005
|
| 245 |
0 |
0 |
|a Introductory practical biochemistry
|c editors S.K. Sawhney, Randhir Singh.
|
| 260 |
|
|
|a Harrow,U.K.:
|b Aplha Science Int. Ltd.,
|c 2005.
|
| 300 |
|
|
|a xviii, 452 p.:
|b ill.;
|c 24 cm.
|
| 504 |
|
|
|a Includes bibliographical references and index
|
| 650 |
0 |
0 |
|a Biochemistry
|
| 700 |
1 |
|
|a Sahney, S.K.
|
| 700 |
0 |
|
|a Randhir, Singh
|
| 997 |
|
|
|a Engineering & Life Sciences, Faculty
|b Science & Biotechnology, Department
|
| 998 |
|
|
|a Biotechnology, Degree
|
| 999 |
|
|
|a 0000024731
|b BOK
|c OPEN SHELF
|e 1st Floor, Bestari Jaya
|
| 999 |
|
|
|a 0000032482
|b BOK
|c OPEN SHELF
|e 2nd Floor, Bestari Jaya
|